Združenie podnikateľov a kolektívna ochranná známka

Ustanovenie o kolektívnej ochrannej známke v zákone č. 55/1997 Z.z. o ochranných známkach. Pojem kolektívnej ochrannej známky. Podmienky registrácie a náležitosti kolektívnej prihlášky.

Gespeichert in:
Bibliographische Detailangaben
1. Verfasser: Kováč, František
Format: Buchkapitel
Sprache:Slowakisch
Schlagworte:
Tags: Tag hinzufügen
Keine Tags, Fügen Sie das erste Tag hinzu!

MARC

LEADER 00000naa a2200000 4500
001 r030174
005 20230424130337.5
041 0 |a slo 
044 |a SK 
245 1 0 |a Združenie podnikateľov a kolektívna ochranná známka  |c František Kováč 
520 |a Ustanovenie o kolektívnej ochrannej známke v zákone č. 55/1997 Z.z. o ochranných známkach. Pojem kolektívnej ochrannej známky. Podmienky registrácie a náležitosti kolektívnej prihlášky. 
610 2 0 |a známky ochranné 
610 2 0 |a zákony 
610 2 0 |a Slovensko 
610 2 0 |a podnikatelia 
610 2 0 |a združenia 
610 2 0 |a kolektív 
610 2 0 |a 1997 
100 1 |a Kováč, František